书目信息 |
| 题名: |
大洋深处的秘密战争
|
|
| 作者: | 伯恩斯 著 ;王新民 , 辛华 译 | |
| 分册: | ||
| 出版信息: | 北京 海洋出版社 1985 |
|
| 页数: | 330页 | |
| 开本: | 19cm | |
| 丛书名: | ||
| 单 册: | ||
| 中图分类: | E815 | |
| 科图分类: | ||
| 主题词: | 战略学--军事 , 海洋霸权--争夺--美国、苏联 | |
| 电子资源: | ||
| ISBN: | ||
| 000 | 00841nam0 2200289 45 | |
| 001 | 0185001816 | |
| 005 | 20060801154757.48 | |
| 010 | @dCNY1.55 | |
| 091 | @a5193.0444 | |
| 100 | @a19900816d1985 em y0chiy0121 ea | |
| 101 | 1 | @achi@ceng |
| 102 | @aCN@b110000 | |
| 105 | @ay z 000yy | |
| 200 | 10 | @a大洋深处的秘密战争@Ada yang shen chu de mi mi zhan zheng@e美苏争霸海洋@f(美)伯恩斯著@g王新民, 辛华译 |
| 210 | @a北京@c海洋出版社@d1985 | |
| 215 | @a330页@d19cm | |
| 517 | 1 | @a美苏争霸海洋@Amei su zheng ba hai yang |
| 606 | 0 | @a战略学@x军事 |
| 606 | @a海洋霸权@x争夺@y美国、苏联 | |
| 610 | 0 | @a秘密战 |
| 690 | @aE815@v3 | |
| 701 | 1 | @a伯恩斯@Abo en si@bT.S.@4著 |
| 702 | 0 | @a王新民@Awang xin min@4译 |
| 702 | 0 | @a辛华@Axin hua@4译 |
| 801 | 0 | @aCN@bTSSF@c20060801 |
| 801 | 2 | @aCN@bNLC@c20060705 |
| 905 | @a10447@dE815@e19 | |
| 大洋深处的秘密战争:美苏争霸海洋/(美)伯恩斯著/王新民, 辛华译.-北京:海洋出版社,1985 |
| 330页;19cm |
| ISBN :CNY1.55 |
| ● |
| 相关链接 |
|
|
|
|
正题名:大洋深处的秘密战争
索取号:E815/19
 
预约/预借
| 序号 | 登录号 | 条形码 | 馆藏地/架位号 | 状态 | 备注 |
| 1 | 0421484 | 204214849 | 密集书库/ [索取号:E815/19] | 在馆 | |
| 2 | 0421485 | 204214858 | 密集书库/ [索取号:E815/19] | 在馆 | |
| 3 | 0441292 | 204412929 | 密集书库/ [索取号:E815/19] | 在馆 |